000 00367nam a22001457a 4500
020 _qPB.
040 _cFIZZA ISHAQ
082 _a624.17725
_bWAI
100 _aCHEN,FAH WAI.
_9109676
245 _aTHEORY OF BEAM COLUMNS BEHAVIOR DESIGN /
_cWAI FAH CHEN.
250 _a2ND EDITION.
260 _aJ.ROSS ;
_bNEW YORK,
_c2007.
300 _a732 P. ;
942 _2ddc
_cBK
999 _c593484
_d593484